Tour de France 2017 - riders - Statistics

General Stats
  • This quiz has been taken 684 times
  • The average score is 47 of 198
Answer Stats
Answer % Correct
Team Sky Christopher Froome
98%
Movistar Team Nairo Quintana
90%
AG2R La Mondiale Romain Bardet
86%
BORA-hansgrohe Juraj Sagan
85%
BORA-hansgrohe Peter Sagan
85%
Team Sky Geraint Thomas
82%
Movistar Team Alejandro Valverde
80%
Quick-Step Floors Cycling Team Marcel Kittel
78%
Team Dimension Data Mark Cavendish
77%
Trek-Segafredo Alberto Contador Velasco
75%
Quick-Step Floors Cycling Team Daniel Martin
75%
Wanty–Groupe Gobert Guillaume Martin
75%
Team Katyusha-Alpecin Tony Martin
75%
BMC Racing Team Richie Porte
74%
Orica-Scott Simon Yates
73%
Astana Pro Team Fabio Aru
70%
Team Sky Mikel Landa
70%
FDJ Thibaut Pinot
70%
Lotto-Soudal André Greipel
69%
Cannondale-Drapac Rigoberto Uran Uran
65%
Team Sunweb Michael Matthews
64%
Team Sunweb Warren Barguil
58%
FDJ Arnaud Démare
57%
Team Sky Michal Kwiatkowski
57%
Trek-Segafredo Bauke Mollema
54%
Cannondale-Drapac Pierre Rolland
52%
Direct Énergie Thomas Voeckler
50%
Team Dimension Data Edvald Boasson Hagen
49%
Cofidis Nacer Bouhanni
49%
BMC Racing Team Greg Van Avermaet
48%
Astana Pro Team Jakob Fuglsang
48%
Team Sky Mikel Nieve
48%
Team Katyusha-Alpecin Alexander Kristoff
47%
LottoNL-Jumbo Robert Gesink
47%
Team Sky Luke Rowe
46%
BORA-hansgrohe Rafal Majka
42%
Lotto-Soudal Thomas De Gendt
42%
Quick-Step Floors Cycling Team Philippe Gilbert
41%
LottoNL-Jumbo Primoz Roglic
41%
Orica-Scott Esteban Chaves
39%
AG2R La Mondiale Alexis Vuillermoz
38%
Direct Énergie Sylvain Chavanel
37%
Bahrain–Merida Pro Cycling Team Ion Izagirre
36%
Direct Énergie Lilian Calmejane
36%
LottoNL-Jumbo Dylan Groenewegen
34%
Team Sky Sergio Henao
34%
Team Sky Vasil Kiryienka
34%
Trek-Segafredo John Degenkolb
33%
UAE Team Emirates Louis Meintjes
33%
Lotto-Soudal Tony Gallopin
31%
Team Sky Christian Knees
30%
Cofidis Daniel Navarro
30%
Trek-Segafredo Jarlinson Pantano
30%
Lotto-Soudal Lars Bak
30%
AG2R La Mondiale Oliver Naesen
30%
AG2R La Mondiale Pierre Latour
30%
Team Dimension Data Steve Cummings
28%
Team Sunweb Laurens ten Dam
27%
BMC Racing Team Damiano Caruso
26%
LottoNL-Jumbo George Bennett
25%
BORA-hansgrohe Maciej Bodnar
25%
Team Dimension Data Mark Renshaw
25%
BMC Racing Team Nicolas Roche
25%
BORA-hansgrohe Emanuel Buchmann
23%
Movistar Team Jesus Herrada
23%
AG2R La Mondiale Mathias Frank
23%
Quick-Step Floors Cycling Team Zdenek Stybar
23%
Lotto-Soudal Adam Hansen
22%
AG2R La Mondiale Jan Bakelants
22%
Quick-Step Floors Cycling Team Matteo Trentin
21%
Wanty–Groupe Gobert Yoann Offredo
21%
Astana Pro Team Alexey Lutsenko
20%
Cannondale-Drapac Andrew Talansky
20%
Cofidis Christophe Laporte
20%
Orica-Scott Roman Kreuziger
20%
Movistar Team Andrey Amador
19%
AG2R La Mondiale Cyril Gautier
19%
UAE Team Emirates Darwin Atapuma
19%
Movistar Team Jonathan Castroviejo
19%
Team Dimension Data Serge Pauwels
19%
Bahrain–Merida Pro Cycling Team Sonny Colbrelli
19%
Lotto-Soudal Tim Wellens
19%
Team Sunweb Simon Geschke
18%
BMC Racing Team Stefan Küng
18%
Lotto-Soudal Tiesj Benoot
18%
Fortuneo-Vital Concept Brice Feillu
17%
Orica-Scott Daryl Impey
17%
Trek-Segafredo Haimar Zubeldia
17%
Orica-Scott Luke Durbridge
17%
UAE Team Emirates Ben Swift
16%
Cofidis Luis Angel Maté
16%
Astana Pro Team Michael Valgren Andersen
16%
FDJ Arthur Vichot
15%
UAE Team Emirates Diego Ulissi
15%
Quick-Step Floors Cycling Team Jack Bauer
15%
Quick-Step Floors Cycling Team Julien Vermote
15%
BORA-hansgrohe Marcus Burghardt
15%
Fortuneo-Vital Concept Pierre-Luc Perichon
15%
Cannondale-Drapac Taylor Phinney
15%
Cofidis Julien Simon
14%
Cofidis Nicolas Edet
14%
BMC Racing Team Amaël Moinard
13%
AG2R La Mondiale Ben Gastauer
13%
Movistar Team Carlos Betancur
13%
Fortuneo-Vital Concept Daniel McLay
13%
FDJ Davide Cimolai
13%
Wanty–Groupe Gobert Dion Smith
13%
Cannondale-Drapac Dylan van Baarle
13%
FDJ Ignatas Konovalovas
13%
Orica-Scott Michael Albasini
13%
BMC Racing Team Michael Schär
13%
Astana Pro Team Andrey Grivko
12%
Astana Pro Team Andrey Zeits
12%
Movistar Team Daniele Bennati
12%
LottoNL-Jumbo Jos van Emden
12%
Lotto-Soudal Marcel Sieberg
12%
Team Katyusha-Alpecin Rick Zabel
12%
FDJ Rudy Molard
12%
Direct Énergie Adrien Petit
11%
BMC Racing Team Alessandro De Marchi
11%
AG2R La Mondiale Axel Domont
11%
Team Dimension Data Bernhard Eisel
11%
Fortuneo-Vital Concept Eduardo Sepúlveda
11%
Movistar Team Imanol Erviti
11%
Orica-Scott Mathew Hayman
11%
Team Katyusha-Alpecin Nils Politt
11%
Team Dimension Data Reinhardt Janse van Rensburg
11%
Direct Énergie Romain Sicard
11%
Orica-Scott Damien Howson
10%
Quick-Step Floors Cycling Team Fabio Sabatini
10%
FDJ Jacopo Guarnieri
10%
Lotto-Soudal Jürgen Roelandts
10%
FDJ Mickaël Delage
10%
Team Sunweb Nikias Arndt
10%
FDJ Olivier Le Gac
10%
Direct Énergie Yohann Gène
10%
Fortuneo-Vital Concept Elie Gesbert
9%
Fortuneo-Vital Concept Florian Vachon
9%
Orica-Scott Jens Keukeleire
9%
Cannondale-Drapac Nathan Brown
9%
Direct Énergie Thomas Boudat
9%
Cannondale-Drapac Alberto Bettiol
8%
Astana Pro Team Dario Cataldo
8%
Bahrain–Merida Pro Cycling Team Javier Moreno
8%
Trek-Segafredo Koen de Kort
8%
Team Katyusha-Alpecin Marco Haller
8%
Team Sunweb Ramon Sinkeldam
8%
Cannondale-Drapac Simon Clarke
8%
Bahrain–Merida Pro Cycling Team Tsgabu Grmay
8%
Direct Énergie Angelo Tulik
7%
Quick-Step Floors Cycling Team Gianluca Brambilla
7%
Team Sunweb Mike Teunissen
7%
LottoNL-Jumbo Paul Martens
7%
BMC Racing Team Danilo Wyss
6%
Cofidis Florian Sénéchal
6%
Wanty–Groupe Gobert Frederik Backaert
6%
Bahrain–Merida Pro Cycling Team Grega Bole
6%
Wanty–Groupe Gobert Guillaume Van Keirsbulck
6%
Fortuneo-Vital Concept Laurent Pichon
6%
Team Katyusha-Alpecin Maurits Lammertink
6%
Fortuneo-Vital Concept Maxime Bouet
6%
Trek-Segafredo Michael Gogl
6%
Trek-Segafredo Michael Irizar
6%
BORA-hansgrohe Pavel Poljanski
6%
Direct Énergie Perrig Quéméneur
6%
Team Katyusha-Alpecin Robert Kiserlovski
6%
BORA-hansgrohe Rüdiger Selig
6%
Wanty–Groupe Gobert Thomas Degand
6%
LottoNL-Jumbo Timo Roosen
6%
Bahrain–Merida Pro Cycling Team Yukiya Arashiro
6%
Bahrain–Merida Pro Cycling Team Borut Božič
5%
Cofidis Cyril Lemoine
5%
Astana Pro Team Dmitriy Gruzdev
5%
Trek-Segafredo Fabio Felline
5%
Movistar Team Jasha Sütterlin
5%
UAE Team Emirates Matteo Bono
5%
LottoNL-Jumbo Robert Wagner
5%
Fortuneo-Vital Concept Romain Hardy
5%
Team Sunweb Roy Curvers
5%
Team Katyusha-Alpecin Thiago Machado
5%
Team Dimension Data Jaco Venter
4%
Bahrain–Merida Pro Cycling Team Janez Brajkovič
4%
UAE Team Emirates Kristijan Durasek
4%
UAE Team Emirates Marco Marcato
4%
Wanty–Groupe Gobert Marco Minnaard
4%
Team Katyusha-Alpecin Reto Hollenstein
4%
UAE Team Emirates Vegard Stake Laengen
4%
Team Sunweb Albert Timmer
3%
Wanty–Groupe Gobert Andrea Pasqualon
3%
Astana Pro Team Bakhtiyar Kozhatayev
3%
Cofidis Dimitri Claeys
3%
UAE Team Emirates Manuele Mori
3%
Cannondale-Drapac Patrick Bevin
3%
Wanty–Groupe Gobert Pieter Vanspeybrouck
3%
Team Dimension Data Scott Thwaites
3%
LottoNL-Jumbo Tom Leezer
3%
BORA-hansgrohe Jay McCarthy
2%
Bahrain–Merida Pro Cycling Team Ondrej Cink
1%
No matching quizzes found
Score Distribution
Percent of People with Each Score
Percentile by Number Answered
Your Score History
You have not taken this quiz